Силовые кабели со сжатым газом

书目详细资料
主要作者: Герценштейн М. Г.
总结:Книга посвящена силовым кабелям со сжатым газом. В ней рассматриваются физические основы работы таких кабелей, их конструкция и технология, применяемые для их изготовления материалы, нормальные и типовые испытания готовых кабелей, конструкция соединительных и концевых муфт, прокладка кабелей и особенности их эксплоатации. Книга предназначена для инженеров и техников, работающих в области производства или применения силовых кабелей.
语言:俄语
出版: Москва, Госэнергоиздат, 1947
主题:
格式: 图书
KOHA link:https://koha.lib.tpu.ru/cgi-bin/koha/opac-detail.pl?biblionumber=351480

MARC

LEADER 00000nam0a2200000 4500
001 351480
005 20231102010416.0
035 |a (RuTPU)RU\TPU\retro\6529 
090 |a 351480 
100 |a 20190606d1947 km y0rusy50 ca 
101 0 |a rus 
102 |a RU 
105 |a a z 001zy 
200 1 |a Силовые кабели со сжатым газом  |f М. Г. Герценштейн 
210 |a Москва  |a Ленинград  |c Госэнергоиздат  |d 1947 
215 |a 143 с.  |c ил. 
316 |5 63413507: КР-6567  |a На титульном листе владельческая подпись: "А. Воробьев. Москва. 19.12.47 г." 
317 |5 63413507: КР-6567  |a Поступила в НТБ в 1987 г. в дар от вдовы ученого Е. К. Завадовской 
320 |a Библиогр.: с. 142-143 
330 |a Книга посвящена силовым кабелям со сжатым газом. В ней рассматриваются физические основы работы таких кабелей, их конструкция и технология, применяемые для их изготовления материалы, нормальные и типовые испытания готовых кабелей, конструкция соединительных и концевых муфт, прокладка кабелей и особенности их эксплоатации. Книга предназначена для инженеров и техников, работающих в области производства или применения силовых кабелей. 
606 1 |a Кабели силовые  |2 stltpush  |3 (RuTPU)RU\TPU\subj\78641  |9 87860 
610 1 |a кабели со сжатым газом 
610 1 |a конструкции 
610 1 |a технологии 
610 1 |a материалы 
610 1 |a испытания 
610 1 |a муфты 
610 1 |a прокладки 
610 1 |a эксплуатация 
610 1 |a библиотека А. А. Воробьева 
610 1 |a владельческая надпись 
675 |a 621.315.2.016.2  |v 4 
700 1 |a Герценштейн  |b М. Г. 
801 1 |a RU  |b 63413507  |c 20190606 
801 2 |a RU  |b 63413507  |c 20200110  |g RCR 
942 |c BK